[Event "Muensterland Regionalliga 2122"]
[Site "Germany"]
[Date "2021.11.13"]
[Round "3.8"]
[White "Theissen, Frank"]
[Black "Borgmann, Simon"]
[Result "1-0"]
[WhiteElo "1708"]
[BlackElo "1602"]
[PlyCount "91"]
[EventDate "2021.10.02"]
[EventType "team-tourn"]
[EventRounds "3"]
[EventCountry "GER"]
[SourceTitle "EXT 2023"]
[Source "ChessBase"]
[SourceDate "2022.10.05"]
[SourceVersion "1"]
[SourceVersionDate "2022.10.05"]
[SourceQuality "1"]
[WhiteTeam "Borken"]
[BlackTeam "Emsdetten Rochade"]
[WhiteTeamCountry "GER"]
[BlackTeamCountry "GER"]

1. e4 d5 2. exd5 Qxd5 3. Nc3 Qa5 4. d4 c6 5. Bf4 Nf6 6. Nf3 Bg4 7. Be2 e6 8. 0-0 Bb4 9. Ne5 Bxe2 10. Qxe2 0-0 11. Ne4 Nxe4 12. Qxe4 Qd5 13. Qe3 Rd8 14. c3 Be7 15. Rfe1 Nd7 16. c4 Qa5 17. Nxf7 Kxf7 18. Qxe6+ Kf8 19. Qxe7+ Kg8 20. Qe6+ Kh8 21. Be5 Nxe5 22. Rxe5 Qd2 23. Rae1 h6 24. d5 cxd5 25. cxd5 Qxb2 26. d6 Rf8 27. R5e2 Qd4 28. Qe5 Qd3 29. Qe7 Rad8 30. Qxb7 Rxd6 31. h3 Qd4 32. Qe4 Qb6 33. Qe3 Qa5 34. f3 Rfd8 35. Qf4 Rd1 36. Rxd1 Rxd1+ 37. Kh2 Rd8 38. Qe5 Rd5 39. Qe8+ Kh7 40. Qe4+ Kg8 41. Qc4 Kf8 42. Qc8+ Rd8 43. Qe6 Qc7+ 44. Re5 Qb8 45. f4 Re8 46. Rf5# 1-0

[Event "GER-ch U25-B"]
[Site "Willingen"]
[Date "2019.06.14"]
[Round "8"]
[White "Brunauer, Simon"]
[Black "Borgmann, Simon"]
[Result "1/2-1/2"]
[WhiteElo "1607"]
[BlackElo "1583"]
[PlyCount "60"]
[EventDate "2019.06.08"]
[EventType "swiss"]
[EventRounds "9"]
[EventCountry "GER"]
[SourceTitle "CBM 191 Extra"]
[Source "ChessBase"]
[SourceDate "2019.09.30"]
[SourceVersion "1"]
[SourceVersionDate "2019.09.30"]
[SourceQuality "1"]

1. c4 Nf6 2. Nc3 e6 3. e3 d5 4. d4 b6 5. Nf3 Bb7 6. Be2 c5 7. b3 Be7 8. Bb2 Nbd7 9. Rc1 Rc8 10. 0-0 0-0 11. Qc2 Ne4 12. Bd3 f5 13. Nd2 Nxd2 14. Qxd2 Nf6 15. Ne2 Ne4 16. Qc2 Bd6 17. Bxe4 dxe4 18. Qc3 Qg5 19. dxc5 Bxc5 20. Nf4 Rce8 21. b4 Bd6 22. g3 e5 23. Ng2 Rf6 24. Qb3 Kh8 25. c5 Bc7 26. Qa4 Rb8 27. Qd7 Rc8 28. c6 Ba6 29. Rfd1 Rff8 30. a4 b5 1/2-1/2

[Event "Steinfurt Bezirksliga 1819"]
[Site "Germany"]
[Date "2019.02.16"]
[Round "7.4"]
[White "Boerger, Andreas1111"]
[Black "Borgmann, Simon"]
[Result "1/2-1/2"]
[WhiteElo "1699"]
[BlackElo "1533"]
[PlyCount "75"]
[EventDate "2018.09.01"]
[EventType "team-tourn"]
[EventRounds "10"]
[EventCountry "GER"]
[SourceTitle "EXT 2020"]
[Source "ChessBase"]
[SourceDate "2019.10.17"]
[SourceVersion "1"]
[SourceVersionDate "2019.10.17"]
[SourceQuality "1"]
[WhiteTeam "Reckenfeld"]
[BlackTeam "Emsdetten Rochade IV"]
[WhiteTeamCountry "GER"]
[BlackTeamCountry "GER"]

1. e4 d5 2. exd5 Qxd5 3. Nc3 Qa5 4. d4 c6 5. Nf3 Nf6 6. Bd2 Qc7 7. g3 Bg4 8. Bg2 Nbd7 9. Bf4 Qc8 10. 0-0 Nb6 11. Re1 e6 12. a3 Be7 13. Qc1 0-0 14. h3 Bh5 15. Ne5 Qd8 16. g4 Bg6 17. Nxg6 hxg6 18. Ne2 Nfd5 19. Bg3 Bh4 20. c4 Bxg3 21. Nxg3 Ne7 22. Qc3 Qc7 23. Rad1 Rad8 24. Rd3 Rd7 25. Red1 Rfd8 26. Ne4 Re8 27. b3 Nbc8 28. Qc1 Nd6 29. Ng5 Rf8 30. Re1 Ne8 31. Qd2 Nf6 32. a4 Nh7 33. Ne4 Nc8 34. h4 Nd6 35. Nc5 Re7 36. Qf4 Nf6 37. g5 Nh5 38. Qd2 1/2-1/2

[Event "GER-ch U25-B"]
[Site "Willingen"]
[Date "2018.05.25"]
[Round "8"]
[White "Borgmann, Simon"]
[Black "Hoke, Joshua Sky"]
[Result "1/2-1/2"]
[WhiteElo "1445"]
[BlackElo "1706"]
[PlyCount "72"]
[EventDate "2018.05.19"]
[EventType "swiss"]
[EventRounds "9"]
[EventCountry "GER"]
[SourceTitle "CBM 184 Extra"]
[Source "ChessBase"]
[SourceDate "2018.06.28"]
[SourceVersion "1"]
[SourceVersionDate "2018.06.28"]
[SourceQuality "1"]

1. d4 d5 2. Nf3 Nf6 3. e3 e6 4. Bd3 c5 5. b3 Nc6 6. Bb2 Bd6 7. 0-0 Qc7 8. Nbd2 0-0 9. c4 cxd4 10. exd4 b6 11. Qe2 Bb7 12. Ne5 Qe7 13. Ndf3 Nd7 14. Nxd7 Qxd7 15. cxd5 exd5 16. Qd2 Rfe8 17. Rfe1 h6 18. Rxe8+ Rxe8 19. Re1 Re6 20. Rxe6 Qxe6 21. Qe1 Qxe1+ 22. Nxe1 Nb4 23. Bb1 Ba6 24. g3 Nc6 25. f3 f6 26. Kf2 Kf7 27. Ke3 Ke6 28. Nd3 g5 29. Nc1 f5 30. f4 gxf4+ 31. gxf4 Ne7 32. Bd3 Bxd3 33. Nxd3 Ng6 34. Kf3 h5 35. Bc1 a6 36. Bd2 a5 1/2-1/2

[Event "GER-ch U25-B"]
[Site "Willingen"]
[Date "2018.05.20"]
[Round "1"]
[White "Plum, Paul"]
[Black "Borgmann, Simon"]
[Result "1-0"]
[WhiteElo "1673"]
[BlackElo "1445"]
[PlyCount "71"]
[EventDate "2018.05.19"]
[EventType "swiss"]
[EventRounds "9"]
[EventCountry "GER"]
[SourceTitle "CBM 184 Extra"]
[Source "ChessBase"]
[SourceDate "2018.06.28"]
[SourceVersion "1"]
[SourceVersionDate "2018.06.28"]
[SourceQuality "1"]

1. Nf3 d5 2. d4 Nf6 3. c4 e6 4. cxd5 Nxd5 5. e4 Nf6 6. Nc3 c5 7. Be2 cxd4 8. Qxd4 Qxd4 9. Nxd4 Bb4 10. f3 0-0 11. Bd2 Bd7 12. a3 Bc5 13. Nb3 Bb6 14. 0-0-0 Nc6 15. Bg5 Be8 16. Bb5 h6 17. Bf4 Kh8 18. Na4 Bd8 19. Nac5 Na5 20. Nxa5 Bxb5 21. Naxb7 Be7 22. Bd6 Rfe8 23. Bxe7 Rxe7 24. b4 Nd7 25. Nxd7 Rxd7 26. Rxd7 Bxd7 27. Nc5 Bc6 28. Rd1 Kg8 29. Kb2 Kf8 30. Nd7+ Ke7 31. Ne5 Ba4 32. Rc1 f6 33. Nc6+ Kd7 34. Nd4 Rb8 35. Nb3 a6 36. Nc5+ 1-0

[Event "Steinfurt Bezirksliga 1617"]
[Site "Germany"]
[Date "2016.09.24"]
[Round "1.7"]
[White "Merschkoetter, Peter"]
[Black "Borgmann, Simon"]
[Result "1-0"]
[WhiteElo "1595"]
[BlackElo "1327"]
[PlyCount "71"]
[EventDate "2016.09.24"]
[EventType "team"]
[EventRounds "9"]
[EventCountry "GER"]
[SourceTitle "EXT 2018"]
[Source "ChessBase"]
[SourceDate "2017.10.13"]
[SourceVersion "1"]
[SourceVersionDate "2017.10.13"]
[SourceQuality "1"]
[WhiteTeam "Reckenfeld"]
[BlackTeam "Emsdetten Rochade V"]
[WhiteTeamCountry "GER"]
[BlackTeamCountry "GER"]

1. e4 e5 2. Nf3 Nc6 3. Bc4 Bc5 4. 0-0 d6 5. h3 Be6 6. Bb5 Bd7 7. Nc3 a6 8. Bxc6 Bxc6 9. d4 Bb6 10. dxe5 dxe5 11. Nxe5 Qf6 12. Nxc6 Qxc6 13. Qd5 Ne7 14. Qxc6+ Nxc6 15. Nd5 0-0-0 16. Nxb6+ cxb6 17. c3 Ne5 18. b3 b5 19. Be3 Rd3 20. Bd4 f6 21. Rfd1 Rxd1+ 22. Rxd1 Rd8 23. Kf1 b4 24. Ke2 bxc3 25. Bxe5 Rxd1 26. Kxd1 fxe5 27. Kc2 Kd7 28. Kxc3 Kc6 29. h4 g6 30. g3 h6 31. f4 Kd6 32. Kb4 b6 33. a4 h5 34. Kc4 Ke6 35. a5 b5+ 36. Kc5 1-0

[Event "GER-ch U25-B"]
[Site "Willingen"]
[Date "2016.05.21"]
[Round "9"]
[White "Borgmann, Simon"]
[Black "Klugstedt, Vincent C"]
[Result "1/2-1/2"]
[WhiteElo "1318"]
[BlackElo "1281"]
[PlyCount "43"]
[EventDate "2016.05.15"]
[EventType "swiss"]
[EventRounds "9"]
[EventCountry "GER"]
[SourceTitle "CBM 172 Extra"]
[Source "ChessBase"]
[SourceDate "2016.06.21"]
[SourceVersion "1"]
[SourceVersionDate "2016.06.21"]
[SourceQuality "1"]

1. e4 c5 2. Nf3 Nc6 3. d4 cxd4 4. Nxd4 g6 5. c4 Bg7 6. Be3 Nf6 7. f3 0-0 8. Nc3 d6 9. Be2 Bd7 10. 0-0 Qc7 11. Qd2 Nxd4 12. Bxd4 a6 13. Nd5 Nxd5 14. cxd5 Bxd4+ 15. Qxd4 Rfc8 16. Rfc1 Qxc1+ 17. Rxc1 Rxc1+ 18. Kf2 Rac8 19. b3 R1c2 20. Ke1 Rc1+ 21. Kf2 R1c2 22. Ke1 1/2-1/2